El libro de Jeremías.
Uloženo v:
| Hlavní autor: | |
|---|---|
| Médium: | Kniha |
| Jazyk: | španělština |
| Vydáno: |
Estella, España;
Verbo Divino (EVD),
1987.
|
| Vydání: | 3a. edición. |
| Edice: | Cuadernos Bíblicos (CB).
|
| Témata: | |
| Tagy: |
Přidat tag
Žádné tagy, Buďte první, kdo vytvoří štítek k tomuto záznamu!
|
MARC
| LEADER | 00000nam a2200000 a 4500 | ||
|---|---|---|---|
| 001 | UCL7848 | ||
| 003 | CL-VaPUC | ||
| 005 | 20231003155114.0 | ||
| 008 | 040604t19870000SP |||||||||||||||||spa|d | ||
| 999 | |c 441883 |d 441881 | ||
| 020 | |a 8471513382 | ||
| 040 | |c Pontificia Universidad Católica de Valparaíso | ||
| 082 | 0 | 4 | |a 224.2 BRI 1987 |2 21 |
| 100 | |a Briend, Jacques |e autor |9 313693 | ||
| 245 | 1 | 3 | |a El libro de Jeremías. |
| 250 | |a 3a. edición. | ||
| 260 | |a Estella, España; |b Verbo Divino (EVD), |c 1987. | ||
| 300 | |a 63 páginas. | ||
| 490 | 0 | |a Cuadernos Bíblicos (CB). |n 40 | |
| 500 | |a c.1 Donación Sr. Jorge Precht Pizarro. 26-05-23. Biblioteca Teología. | ||
| 583 | |a last modification |c 20130402 08:35:06 |k Yessy Sthefany Diaz Vidal | ||
| 600 | 0 | |a Jeremías |2 CL-VaPUC |9 453753 |x Profeta |x Antiguo testamento |v Crítica e interpretación | |
| 650 | 0 | |a Libros proféticos |9 400141 |x Antiguo Testamento |v Análisis bíblico | |
| 942 | |c BK |2 ddc | ||
| 945 | |d 20040604 00:00:00 |a cmena | ||
| 952 | |0 0 |1 0 |2 ddc |4 0 |6 224_200000000000000_BRI_1987 |7 0 |8 A |9 591746 |a BIBTEO |b BIBTEO |d 2023-09-28 |e Donación |i 5658838 |o 224.2 BRI 1987 |p 5658838 |r 2024-01-18 |t 1 |w 2023-09-28 |y BK |k ICR | ||